000 00449nam a22001577a 4500
005 20250904143329.0
008 250904b |||||||| |||| 00| 0 eng d
020 _a978-93-7473-706-4
041 _aeng
100 _aGEDAM, PROF SHWETA S.
_98663
245 _aTEXTBOOK OF SOCIAL PHARMACY :Exclusively prepare for D PHARM [1ST YEAR STUDENTS]
260 _aDELHI
_bAITBS PUBLISHERS INDIA
_c2025
300 _a252;P
650 _aPHARMACY
942 _cBK
999 _c8790
_d8788